| 000 | 00843nam a22002297a 4500 | ||
|---|---|---|---|
| 999 |
_c6018 _d6018 |
||
| 003 | AR-CdUCM | ||
| 008 | 190313b ||||| |||| 00| 0 spa d | ||
| 040 |
_aMUNICIPALIDAD PROVINCIAL DEL CUSCO _cBIBLIOTECA MUNICIPAL DEL CUSCO |
||
| 082 |
_a986.2 / _bR936 |
||
| 100 |
_aRumazo G, Alfonso _917591 |
||
| 245 |
_aManuela Saenz : _bLa libertadora del libertador / |
||
| 260 |
_aGuayaquil : _bAriel, |
||
| 300 |
_a201 paginas ; _c19 cm. |
||
| 440 |
_aClasicos Ariel _n32 _917592 |
||
| 500 | _aDonación de la familia Nieto | ||
| 505 | _aContenido : Primera parte : "Impresiones de la niñez" -- Segunda parte : "Una caballereza del sol" -- Tercera parte : "De pichincha a Ayacucho" ... | ||
| 650 |
_aBiografía _922 |
||
| 650 |
_aHistoria de Guayaquil _916763 |
||
| 650 |
_aHistoria ecuatoriana _915583 |
||
| 942 |
_2ddc _cLIBROS |
||
| 945 | _arah | ||